2 euro commemorative coins 2020 - Statistics

General Stats
  • This quiz has been taken 4 times
  • The average score is 13 of 34
Answer Stats
Name/Feature Country % Correct
The 27th Ibero-American Summit in [...] Andorra
100%
Väinö Linna 100 years Finland
100%
Charles de Gaulle France
100%
The 50th anniversary of Willy Brandt’s Kniefall von Warschau Germany
100%
Jan van Eyck Belgium
67%
Universities and society – University of Turku 100 years Finland
67%
100 years since the union of Thrace with [...] Greece
67%
150th anniversary of the birth of Maria Montessori Italy
67%
The 300th anniversary of the birth of Prince Honoré III Monaco
67%
730th anniversary of the University of Coimbra Portugal
67%
The 500th anniversary of the birth of Adam Bohorič Slovenia
67%
100th Anniversary of the Birth of Pope John Paul II Vatican City
67%
The centenary of the Tartu Peace Treaty Estonia
33%
Brandenburg (the Bundesländer series) Germany
33%
2.500 years since the Battle of Thermopylae Greece
33%
The 80th Anniversary of Foundation of ‘Corpo Nazionale dei Vigili del Fuoco’ (National Fire Department) Italy
33%
UNESCO Cultural Heritage - Kryžių Kalnas (the Hill of Crosses) Lithuania
33%
Aukštaitija (from the series [...] Etnographic Regions) Lithuania
33%
The birth of Prince Charles Luxembourg
33%
The 200th anniversary of the birth of Prince Henri Luxembourg
33%
250th anniversary of the death of Giambattista Tiepolo San Marino
33%
500th Anniversary of the death of Raphael Sanzio Vatican City
33%
50 years of Universal Female Suffrage Andorra
0%
International Year of Plant Health 2020 (IYPH 2020) Belgium
0%
The 30th anniversary of the [...] Institute of Neurology and genetics Cyprus
0%
The bicentenary of the discovery of Antarctica Estonia
0%
Medical Research France
0%
Latgalian ceramics Latvia
0%
Children’s games Malta
0%
Unesco World Heritage Site – pre-historic temples of Skorba Malta
0%
75th anniversary of the United Nations Portugal
0%
500th anniversary of the death of Raphael San Marino
0%
20th anniversary of [...]’s accession to the Organisation for Economic Co-operation and Development (OECD) Slovakia
0%
UNESCO’s World Cultural and Natural Heritage Sites – Aragón and the Aragonese Mudejar architecture Spain
0%
No matching quizzes found
Score Distribution
Percent of People with Each Score
Percentile by Number Answered
Your Score History
You have not taken this quiz